000 00552nam a22001937a 4500
003 KOHA_MİRAKIL
005 20251224153451.0
008 251224b tu ||||| |||| 00| 0 tur d
020 _a9789753384759
040 _aTR-AnABB
_btur
_cTR-AnABB
041 _atur
082 _a398.5049435
_bCOB 2018
100 1 _aÇobanoğlu, Özkul,
245 1 0 _aTürk dünyası epik destan geleneği /
_cÖzkul Çobanoğlu
260 _aAnkara :
_bAkçağ Yayınları,
_c2018
300 _a476 sayfa ;
_c23 cm
650 0 4 _aDestanlar
942 _2ddc
_cBK
999 _c9949
_d9949
900 _bGizem YORULMAZ